| 000 | 00935nam a2200265 i 4500 | ||
|---|---|---|---|
| 001 | 58590 | ||
| 003 | ES-MaACL | ||
| 005 | 20250801145631.0 | ||
| 007 | t| | ||
| 008 | 031023s1974 sp |||| | spa d | ||
| 080 | _a7.037.5 | ||
| 080 | _a82.09"19" | ||
| 100 | 1 |
_aDurozoi, Gérard. _9158892 |
|
| 245 | 1 | 3 |
_aEl surrealismo _b: [teorías, temas, técnicas] / _cG. Durozoi, B. Lecherbonnier ; [traductor, Josep Elías]. |
| 260 |
_a[Madrid] : _bGuadarrama, _c[1974] |
||
| 300 |
_a317 p. ; _c18 cm. |
||
| 490 | 1 |
_aColección universitaria de bolsillo Punto omega. Crítica literaria ; _v165 |
|
| 650 | 4 |
_aSurrealismo (Arte) _917267 |
|
| 650 | 7 |
_aSurrealismo (Literatura) _2embne _917269 |
|
| 700 | 1 |
_aLecherbonnier, Bernard. _9158893 |
|
| 700 | 1 |
_aElías, Josep. _946965 |
|
| 830 | 0 |
_aColección universitaria de bolsillo Punto omega. Crítica literaria ; _v165 _9230478 |
|
| 852 |
_aES-MaACL _jE-6182 |
||
| 999 |
_c58590 _d58590 |
||